000 00409 a2200169 4500
003 NUST
005 20230123142020.0
040 _cNust
082 _a808.83,CRO
100 _aCromton, Richmal
_9107464
245 _aTher are Four Seasons /
_cRichmal,Crompton
260 _aLondon
_bMacmillan
300 _a318:p
505 _aContents not Available
650 _aNovel
_92525
942 _2ddc
_cBK
_k808.83,CRO
999 _c186812
_d186812